banner-ar

الاسلام فى القرن الحادى و العشرين / (Record no. 60230)

MARC details
000 -الفاتح
حقل البيانات ثابتة الطول 00736nam a22002177a 4500
005 - وقت وتاريخ اخر تعامل مع التسجيلة
رقم الضبط 20240530110359.0
008 - عناصر البيانات ثابتة الطول - معلومات عامة
حقل البيانات ثابتة الطول 150118s2009 ua g b 000 0 ara d
017 ## - رقم الايداع القانونى
رقم الايداع القانونى 2008/23015
المصدر ( الهيئة المختصة) مصر . دار الكتب المصرية
020 ## - الرقم الدولى المعيارى للكتب
الرقم الدولى المعيارى للكتاب 9774311361
040 ## - مصدر الفهرسة
وكالة الفهرسة الأصلية EG-CaGPL
041 0# - رمز اللغة
رمز لغة النص/ المسارات الصوتية أو العنوان الانفرادي ara
082 04 - رقم تصنيف ديوى العشرى
رقم الطبعة 21
رقم التصنيف 219\
رقم المادة خ أ
100 0# - المدخل الرئيسى - إسم شخصى
الإسم الشخصى خالد الزواوى
245 12 - بيان العنوان
العنوان الاسلام فى القرن الحادى و العشرين /
بيان المسئوليه,etc خالد الزواوى
250 ## - بيان الطبعة
بيان الطبعة ط 1
260 ## - PUBLICATION, DISTRIBUTION, ETC. (IMPRINT)
تاريخ النشر أو التوزيع 2009
300 ## - الوصف المادى
التعداد 363 ص ؛
أبعاد الوعاء 24 سم
504 ## - تبصرة ببليوجرافية
تبصرة ببليوجرافية,الخ ببليوجرافية : ص 355 - 358
942 ## - عناصر المدخل الإضافي( كوها)
مصدر التصنيف او مخطط الترفيف Dewey Decimal Classification
Koha [default] item type كتاب
260 ## - PUBLICATION, DISTRIBUTION, ETC. (IMPRINT)
-- القاهرة :
-- مؤسسة طيبة للنشر والتوزيع ،
Holdings
حالة التراجع حالة الفقد حالة تلف ليس للاعارة المكان المؤقت الموقع الحالى تاريخ الاكتساب اجمالي اﻻعارات رقم الطلب الباركود تاريخ اخر مشاهدة تاريخ تفعيل السعر نوع وعاء كوها
        مكتبة القاهرة الكبرى مكتبة القاهرة الكبرى 01/18/2015   219\ خ أ 159237 01/18/2015 01/18/2015 كتاب

Powered By

EGPV